| 000 | 00708nam a2200265Ia 4500 | ||
|---|---|---|---|
| 008 | 160803s9999 xx 000 0 und d | ||
| 020 | _a0 590480898 | ||
| 100 | _aWood, Audrey | ||
| 245 | 4 | _aThe Bunyans / | |
| 245 | _cAudrey Wood ; illustrated by David Shannon. | ||
| 250 | _aFirst Bookshelf edition. | ||
| 260 | _aNew York : | ||
| 260 | _bScholastic Inc. | ||
| 260 | _c1996 | ||
| 300 | _a30 unnumbered pages : | ||
| 300 | _bcolor illustrations ; | ||
| 300 | _c31 cm. | ||
| 440 | _aScholastic bookshelf. | ||
| 650 | _aBunyan, Paul (Legendary character) -- | ||
| 650 | _aNatural monuments -- | ||
| 650 | _aTall tales. | ||
| 650 | _xFiction. | ||
| 650 | _xFiction. | ||
| 700 | _a980 | ||
| 999 |
_c298919 _d298919 |
||